<?xml version="1.0" encoding="UTF-8"?>
<record
    xmlns:xsi="http://www.w3.org/2001/XMLSchema-instance"
    xsi:schemaLocation="http://www.loc.gov/MARC21/slim http://www.loc.gov/standards/marcxml/schema/MARC21slim.xsd"
    xmlns="http://www.loc.gov/MARC21/slim">

  <leader>00709    a2200217   4500</leader>
  <controlfield tag="003">UA-OsUOA</controlfield>
  <controlfield tag="005">20260508152415.0</controlfield>
  <controlfield tag="008">260508b        un ||||| |||| 00| 0 ukr d</controlfield>
  <datafield tag="020" ind1=" " ind2=" ">
    <subfield code="a">334011132</subfield>
  </datafield>
  <datafield tag="040" ind1=" " ind2=" ">
    <subfield code="a">UA-OsUOA</subfield>
    <subfield code="b">eng</subfield>
    <subfield code="c">UA-OsUOA</subfield>
    <subfield code="d">UA-OsUOA</subfield>
  </datafield>
  <datafield tag="041" ind1=" " ind2=" ">
    <subfield code="a">eng</subfield>
  </datafield>
  <datafield tag="080" ind1=" " ind2=" ">
    <subfield code="a">82-96</subfield>
  </datafield>
  <datafield tag="090" ind1=" " ind2=" ">
    <subfield code="a">82-96</subfield>
    <subfield code="b">N52</subfield>
  </datafield>
  <datafield tag="245" ind1=" " ind2=" ">
    <subfield code="a">New Essays in Philosophical Theology</subfield>
    <subfield code="c">edited by Antony Flew &amp; Alasdair Maclntyre</subfield>
  </datafield>
  <datafield tag="260" ind1=" " ind2=" ">
    <subfield code="b">SCM Press Ltd</subfield>
    <subfield code="c">1961</subfield>
    <subfield code="a">London</subfield>
  </datafield>
  <datafield tag="300" ind1=" " ind2=" ">
    <subfield code="a">274 p.</subfield>
  </datafield>
  <datafield tag="650" ind1=" " ind2=" ">
    <subfield code="2">UDC</subfield>
    <subfield code="a">82 &#x41B;&#x456;&#x442;&#x435;&#x440;&#x430;&#x442;&#x443;&#x440;&#x430;. &#x41B;&#x456;&#x442;&#x435;&#x440;&#x430;&#x442;&#x443;&#x440;&#x43E;&#x437;&#x43D;&#x430;&#x432;&#x441;&#x442;&#x432;&#x43E;</subfield>
    <subfield code="9">15</subfield>
  </datafield>
  <datafield tag="942" ind1=" " ind2=" ">
    <subfield code="c">BK</subfield>
    <subfield code="2">udc</subfield>
  </datafield>
  <datafield tag="955" ind1=" " ind2=" ">
    <subfield code="a">3</subfield>
  </datafield>
  <datafield tag="999" ind1=" " ind2=" ">
    <subfield code="c">580681</subfield>
    <subfield code="d">580681</subfield>
  </datafield>
  <datafield tag="952" ind1=" " ind2=" ">
    <subfield code="0">0</subfield>
    <subfield code="1">0</subfield>
    <subfield code="2">udc</subfield>
    <subfield code="4">0</subfield>
    <subfield code="7">0</subfield>
    <subfield code="a">300</subfield>
    <subfield code="b">300</subfield>
    <subfield code="d">2026-05-08</subfield>
    <subfield code="e">&#x2116;15/06.05.2026 (&#x406;&#x414;&#x423;&#x414;)</subfield>
    <subfield code="g">1.00</subfield>
    <subfield code="i">300897</subfield>
    <subfield code="l">0</subfield>
    <subfield code="o">82-96 N52</subfield>
    <subfield code="p">300897</subfield>
    <subfield code="r">2026-05-08 15:24:43</subfield>
    <subfield code="v">1.00</subfield>
    <subfield code="w">2026-05-08</subfield>
    <subfield code="y">BK</subfield>
    <subfield code="z">&#x41A;&#x43D;&#x438;&#x433;&#x443; &#x43E;&#x442;&#x440;&#x438;&#x43C;&#x430;&#x43D;&#x43E; &#x432; &#x434;&#x430;&#x440; &#x432;&#x456;&#x434; &#x420;&#x43E;&#x43C;&#x430;&#x43D;&#x430; &#x404;&#x440;&#x438;&#x43D;&#x44E;&#x43A;&#x430;</subfield>
  </datafield>
</record>
